[Event "NRW Class1 0809"]
[Site "Germany"]
[Date "2009.03.01"]
[Round "7.2"]
[White "Schoenthier, Frank"]
[Black "Retera, Joost"]
[Result "1-0"]
[WhiteElo "2322"]
[BlackElo "2311"]
[PlyCount "83"]
[EventDate "2008.09.21"]
[EventType "team-tourn"]
[EventRounds "9"]
[EventCountry "GER"]
[SourceTitle "EXT 2010"]
[Source "ChessBase"]
[SourceDate "2010.11.25"]
[SourceVersion "1"]
[SourceVersionDate "2010.11.25"]
[SourceQuality "1"]
[WhiteTeam "Monheim"]
[BlackTeam "Kleve Turm"]
[WhiteTeamCountry "GER"]
[BlackTeamCountry "GER"]

1. e4 c6 2. d4 d5 3. Nd2 dxe4 4. Nxe4 Nf6 5. Nxf6+ gxf6 6. c3 Bf5 7. Nf3 e6 8. g3 Nd7 9. Bg2 Qc7 10. 0-0 Bg4 11. h3 Bxf3 12. Qxf3 h5 13. b4 Rb8 14. Re1 h4 15. g4 Bd6 16. Bd2 Ke7 17. c4 Nb6 18. g5 Rbg8 19. Qxf6+ Kf8 20. c5 Bh2+ 21. Kh1 Nd7 22. Qf3 Rg6 23. a4 Nf6 24. gxf6 Rhg8 25. Rg1 Bxg1 26. Rxg1 Qd8 27. Bf4 Qxd4 28. Bd6+ Ke8 29. Rd1 Qxf6 30. Qxf6 Rxf6 31. f4 Rfg6 32. Rd2 Rg3 33. b5 cxb5 34. axb5 Rb3 35. c6 bxc6 36. bxc6 Rc3 37. Rb2 f6 38. Rb8+ Kf7 39. Rxg8 Kxg8 40. c7 Rc1+ 41. Kh2 Rc2 42. Kg1 1-0

[Event "NRW Class1 0809"]
[Site "Germany"]
[Date "2009.01.04"]
[Round "5.2"]
[White "Schoenthier, Frank"]
[Black "Langers, Alexander"]
[Result "1-0"]
[WhiteElo "2322"]
[BlackElo "2240"]
[PlyCount "27"]
[EventDate "2008.09.21"]
[EventType "team-tourn"]
[EventRounds "9"]
[EventCountry "GER"]
[SourceTitle "EXT 2010"]
[Source "ChessBase"]
[SourceDate "2010.11.25"]
[SourceVersion "1"]
[SourceVersionDate "2010.11.25"]
[SourceQuality "1"]
[WhiteTeam "Monheim"]
[BlackTeam "Sodingen"]
[WhiteTeamCountry "GER"]
[BlackTeamCountry "GER"]

1. e4 c5 2. Nf3 e6 3. d4 cxd4 4. Nxd4 Nc6 5. Nc3 a6 6. g3 Qc7 7. Bg2 Nf6 8. 0-0 Bc5 9. Nxc6 dxc6 10. Na4 Be7 11. Be3 b5 12. Nb6 Rb8 13. Nxc8 Rxc8 14. a4 1-0

[Event "NRW Class1 0809"]
[Site "Germany"]
[Date "2008.11.30"]
[Round "4.2"]
[White "Malykin, Vitaly"]
[Black "Schoenthier, Frank"]
[Result "1-0"]
[WhiteElo "2387"]
[BlackElo "2322"]
[PlyCount "59"]
[EventDate "2008.09.21"]
[EventType "team-tourn"]
[EventRounds "9"]
[EventCountry "GER"]
[SourceTitle "EXT 2010"]
[Source "ChessBase"]
[SourceDate "2010.11.25"]
[SourceVersion "1"]
[SourceVersionDate "2010.11.25"]
[SourceQuality "1"]
[WhiteTeam "Koeln Porz II"]
[BlackTeam "Monheim"]
[WhiteTeamCountry "GER"]
[BlackTeamCountry "GER"]

1. Nf3 Nf6 2. c4 e6 3. e3 b6 4. d4 Bb7 5. Bd3 c5 6. 0-0 Be7 7. Nc3 0-0 8. d5 exd5 9. cxd5 d6 10. e4 Na6 11. a3 Nc7 12. Re1 Re8 13. h3 a6 14. b4 Nd7 15. Bf4 Bf6 16. Rc1 cxb4 17. axb4 Ne5 18. Nxe5 Bxe5 19. Be3 Bxc3 20. Rxc3 Nb5 21. Bxb5 axb5 22. Bd4 Rc8 23. Rg3 f6 24. h4 Rc4 25. h5 h6 26. Rg6 Rf8 27. Be3 Rxe4 28. Bxh6 Rxe1+ 29. Qxe1 Rf7 30. Qe6 1-0

[Event "NRW Class1 0809"]
[Site "Germany"]
[Date "2008.09.21"]
[Round "1.1"]
[White "Essing, Arnold"]
[Black "Schoenthier, Frank"]
[Result "1/2-1/2"]
[WhiteElo "2259"]
[BlackElo "2322"]
[PlyCount "33"]
[EventDate "2008.09.21"]
[EventType "team-tourn"]
[EventRounds "9"]
[EventCountry "GER"]
[SourceTitle "EXT 2010"]
[Source "ChessBase"]
[SourceDate "2010.11.25"]
[SourceVersion "1"]
[SourceVersionDate "2010.11.25"]
[SourceQuality "1"]
[WhiteTeam "Neuenkirchen"]
[BlackTeam "Monheim"]
[WhiteTeamCountry "GER"]
[BlackTeamCountry "GER"]

1. d4 Nf6 2. Nf3 e6 3. c4 Bb4+ 4. Bd2 Qe7 5. g3 Nc6 6. Bg2 Bxd2+ 7. Nbxd2 d6 8. 0-0 a5 9. e4 e5 10. d5 Nb8 11. Ne1 0-0 12. Nd3 Na6 13. a3 c6 14. dxc6 bxc6 15. Qa4 Bg4 16. Rfe1 Nc5 17. Nxc5 1/2-1/2

[Event "NRW Class2 0708"]
[Site "Germany"]
[Date "2008.04.06"]
[Round "8.2"]
[White "Schoenthier, Frank"]
[Black "Seegers, Hendrik"]
[Result "1-0"]
[WhiteElo "2338"]
[BlackElo "2216"]
[PlyCount "127"]
[EventDate "2007.09.16"]
[EventType "team"]
[EventRounds "9"]
[EventCountry "GER"]
[SourceTitle "EXT 2009"]
[Source "ChessBase"]
[SourceDate "2008.11.26"]
[SourceVersion "1"]
[SourceVersionDate "2008.11.26"]
[SourceQuality "1"]
[WhiteTeam "Monheim"]
[BlackTeam "Muenster II"]
[WhiteTeamCountry "GER"]
[BlackTeamCountry "GER"]

1. e4 d5 2. exd5 Nf6 3. c4 c6 4. Nc3 cxd5 5. cxd5 Nxd5 6. Nf3 e6 7. d4 Be7 8. Bd3 Nc6 9. 0-0 0-0 10. Re1 Nxc3 11. bxc3 b6 12. Qc2 g6 13. Bh6 Re8 14. h4 Bxh4 15. d5 Na5 16. Bb5 Bf6 17. Bxe8 Qxe8 18. dxe6 Bb7 19. Ng5 Bxg5 20. Bxg5 fxe6 21. Rad1 Qc6 22. f3 Rc8 23. Kh1 Qc5 24. Be3 Qh5+ 25. Kg1 Bd5 26. Bd4 Rf8 27. Re5 Qh4 28. Qe2 Bc4 29. Qe3 Qe7 30. Rxa5 bxa5 31. Bc5 Qc7 32. Bxf8 Kxf8 33. Qd4 Qb6 34. a3 Ke7 35. Kf2 Bb3 36. Rd2 h6 37. Kg3 Qxd4 38. Rxd4 e5 39. Rd2 a4 40. Kf2 Bc4 41. Ke3 Ke6 42. g4 Bb5 43. Rh2 h5 44. gxh5 gxh5 45. Rxh5 a6 46. f4 exf4+ 47. Kxf4 Kd6 48. Ke4 Be2 49. Rg5 Kc6 50. Kd4 Kb6 51. c4 Bf3 52. Kc3 Be2 53. Kb4 Bd3 54. Rh5 Be2 55. Rh6+ Kb7 56. Kc5 Bd3 57. Rf6 Be2 58. Rf7+ Kb8 59. Kb6 Kc8 60. c5 Bc4 61. Rh7 Bd3 62. Rg7 Bc4 63. c6 Bd5 64. Rh7 1-0

[Event "NRW Class2 0607"]
[Site "Germany"]
[Date "2007.04.15"]
[Round "8.2"]
[White "Stark, Lars"]
[Black "Schoenthier, Frank"]
[Result "1-0"]
[WhiteElo "2419"]
[BlackElo "2343"]
[PlyCount "119"]
[EventDate "2006.09.17"]
[EventType "team-tourn"]
[EventRounds "9"]
[EventCountry "GER"]
[SourceTitle "EXT 2008"]
[Source "ChessBase"]
[SourceDate "2007.11.25"]
[SourceVersion "1"]
[SourceVersionDate "2007.11.25"]
[SourceQuality "1"]
[WhiteTeam "Duesseldorf"]
[BlackTeam "Monheim"]
[WhiteTeamCountry "GER"]
[BlackTeamCountry "GER"]

1. c4 Nf6 2. g3 e6 3. Bg2 d5 4. Nf3 Be7 5. 0-0 0-0 6. Qc2 c5 7. d4 Nc6 8. dxc5 Bxc5 9. a3 a5 10. Bg5 d4 11. Nbd2 h6 12. Bxf6 Qxf6 13. Ne4 Qe7 14. Ne1 e5 15. Nxc5 Qxc5 16. Nd3 Qe7 17. b3 Bf5 18. Qb2 Rfe8 19. Rac1 Rad8 20. Rfd1 g5 21. b4 e4 22. Nc5 axb4 23. axb4 Nxb4 24. Qxb4 Rc8 25. Rxd4 Qxc5 26. Qd2 Qe7 27. Rd1 e3 28. fxe3 Rc7 29. Kf2 Qf6 30. Rf1 Be6+ 31. Kg1 Qe7 32. Qd3 Qc5 33. Bd5 Rce7 34. Rf3 Bxd5 35. Rxd5 Qb6 36. c5 Qb2 37. Kf2 Qc1 38. Qf5 Qh1 39. Qh3 Re6 40. Rdf5 Rg6 41. Qh5 Qb1 42. Rxf7 Qe4 43. g4 Qe6 44. R7f5 Re7 45. Re5 Qxe5 46. Qxg6+ Qg7 47. Qd6 Kh7 48. Qd3+ Kh8 49. Rf5 Rd7 50. Qe4 Qe7 51. Re5 Qf6+ 52. Rf5 Qe7 53. Re5 Qf6+ 54. Kg3 Rf7 55. Qf5 Kg8 56. Rd5 Rf8 57. Qxf6 Rxf6 58. Rd8+ Kf7 59. Rd7+ Ke6 60. Rxb7 1-0

[Event "NRW Class1 0506"]
[Site "Germany"]
[Date "2006.01.08"]
[Round "5.2"]
[White "Becker, Marcel"]
[Black "Schoenthier, Frank"]
[Result "1/2-1/2"]
[WhiteElo "2313"]
[BlackElo "2333"]
[PlyCount "26"]
[EventDate "2005.09.25"]
[EventType "team"]
[EventRounds "9"]
[EventCountry "GER"]
[SourceTitle "EXT 2006"]
[Source "ChessBase"]
[SourceDate "2005.11.24"]
[SourceVersion "1"]
[SourceVersionDate "2005.11.24"]
[SourceQuality "1"]
[WhiteTeam "Muelheim Nord II"]
[BlackTeam "Monheim"]
[WhiteTeamCountry "GER"]
[BlackTeamCountry "GER"]

1. d4 Nf6 2. c4 e6 3. Nf3 Bb4+ 4. Nbd2 b6 5. g3 Bb7 6. Bg2 0-0 7. 0-0 c5 8. a3 Bxd2 9. Qxd2 cxd4 10. Qxd4 Nc6 11. Qd3 d5 12. cxd5 Qxd5 13. Qxd5 Nxd5 1/2-1/2

[Event "Oberliga NRW 0102 I"]
[Site "Germany"]
[Date "2001.09.30"]
[Round "1.1"]
[White "Kistella, Roman"]
[Black "Schoenthier, Frank"]
[Result "1/2-1/2"]
[WhiteElo "2273"]
[BlackElo "2335"]
[PlyCount "40"]
[EventDate "2001.10.??"]
[EventType "team"]
[EventRounds "9"]
[EventCountry "GER"]
[SourceTitle "EXT 2004"]
[Source "ChessBase"]
[SourceDate "2003.11.25"]
[SourceVersion "1"]
[SourceVersionDate "2003.11.25"]
[SourceQuality "1"]
[WhiteTeam "Krefeld"]
[BlackTeam "Monheim"]
[WhiteTeamCountry "GER"]
[BlackTeamCountry "GER"]

1. d4 Nf6 2. c4 e6 3. Nf3 Bb4+ 4. Bd2 Qe7 5. g3 Nc6 6. Nc3 0-0 7. Qc2 d6 8. Bg2 e5 9. Nd5 Bxd2+ 10. Qxd2 Qd8 11. Nxf6+ Qxf6 12. d5 Nb8 13. 0-0 a5 14. Ne1 Nd7 15. e4 Nc5 16. Nd3 Nxd3 17. Qxd3 Bd7 18. Qc3 Qe7 19. Rac1 b6 20. Rfe1 c5 1/2-1/2

[Event "Oberliga NRW 9900 I"]
[Site "Germany"]
[Date "2000.03.01"]
[Round "6.1"]
[White "Schoenthier, Frank"]
[Black "Klovans, Janis"]
[Result "1-0"]
[WhiteElo "2370"]
[BlackElo "2465"]
[PlyCount "74"]
[EventDate "1999.10.26"]
[EventType "team"]
[EventRounds "9"]
[EventCountry "GER"]
[SourceTitle "EXT 2001"]
[Source "ChessBase"]
[SourceDate "2000.11.22"]
[SourceVersion "1"]
[SourceVersionDate "2000.11.22"]
[SourceQuality "1"]
[WhiteTeam "Monheim"]
[BlackTeam "Enger Spenge"]
[WhiteTeamCountry "GER"]
[BlackTeamCountry "GER"]

1. e4 e5 2. Nf3 Nc6 3. Bb5 a6 4. Bxc6 dxc6 5. 0-0 f6 6. d4 exd4 7. Nxd4 c5 8. Nb3 Qxd1 9. Rxd1 Bd7 10. Bf4 0-0-0 11. Nc3 Be6 12. Rxd8+ Kxd8 13. Rd1+ Kc8 14. Nd5 Bxd5 15. exd5 Bd6 16. Be3 b6 17. Nd2 Ne7 18. Nf3 Rd8 19. Kf1 c4 20. b3 c3 21. Nd4 Nxd5 22. Nf5 Bf8 23. Rd3 Nb4 24. Rxc3 Nxa2 25. Rc4 b5 26. Rg4 g6 27. Nd4 Nc3 28. g3 f5 29. Rh4 h5 30. Ne6 Rd1+ 31. Kg2 Bd6 32. Bc5 Bxc5 33. Nxc5 a5 34. h3 Rd5 35. Nd3 Kb7 36. Kf3 Ne4 37. g4 Ng5+ 1-0

[Event "Oberliga NRW 9899 I"]
[Site "Germany"]
[Date "1999.05.06"]
[Round "9.1"]
[White "Schoenthier, Frank"]
[Black "Miezis, Normunds"]
[Result "0-1"]
[WhiteElo "2370"]
[BlackElo "2505"]
[PlyCount "90"]
[EventDate "1998.10.10"]
[EventType "team"]
[EventRounds "9"]
[EventCountry "GER"]
[SourceTitle "EXT 2000"]
[Source "ChessBase"]
[SourceDate "1999.11.16"]
[SourceVersion "1"]
[SourceVersionDate "1999.11.16"]
[SourceQuality "1"]
[WhiteTeam "Monheim"]
[BlackTeam "Godesberg II"]
[WhiteTeamCountry "GER"]
[BlackTeamCountry "GER"]

1. e4 c5 2. Nf3 e6 3. d4 cxd4 4. Nxd4 a6 5. Bd3 Nc6 6. Nxc6 dxc6 7. Nd2 e5 8. Qh5 Bd6 9. Nc4 Nf6 10. Qe2 Bc7 11. 0-0 Be6 12. a4 0-0 13. Bg5 h6 14. Bh4 Qe7 15. Ne3 g5 16. Bg3 Rad8 17. Qf3 Rd4 18. Nf5 Bxf5 19. Qxf5 Nh5 20. b3 Kg7 21. Rae1 Qf6 22. Qg4 Nf4 23. Bxf4 exf4 24. h4 Qe6 25. Qf5 Qxf5 26. exf5 Kf6 27. Re2 Rfd8 28. Rfe1 Ba5 29. Rf1 g4 30. f3 g3 31. Re4 Rxe4 32. fxe4 Bb6+ 33. Kh1 Ke5 34. Rd1 a5 35. Re1 Rd4 36. Rf1 Bd8 37. h5 Bb6 38. Re1 Rd8 39. Rd1 Be3 40. Re1 Rg8 41. Be2 Kxe4 42. Rd1 Kxf5 43. Rd7 Ke6 44. Rxb7 Rd8 45. Bd3 Rd5 0-1

[Event "Oberliga NRW 9596 II"]
[Site "Germany"]
[Date "1996.??.??"]
[Round "?.1"]
[White "Schoenthier, Frank"]
[Black "Hall, Jesper"]
[Result "1/2-1/2"]
[WhiteElo "2365"]
[BlackElo "2415"]
[PlyCount "124"]
[EventDate "1995.10.??"]
[EventType "team"]
[EventRounds "9"]
[EventCountry "GER"]
[SourceTitle "GER"]
[Source "ChessBase"]
[SourceDate "1999.07.01"]
[SourceVersion "1"]
[SourceVersionDate "1999.07.01"]
[SourceQuality "1"]
[WhiteTeam "Monheim"]
[BlackTeam "Wattenscheid"]
[WhiteTeamCountry "GER"]
[BlackTeamCountry "GER"]

1. e4 c5 2. Nf3 Nc6 3. Bb5 g6 4. 0-0 Bg7 5. Re1 Nf6 6. e5 Nd5 7. Nc3 Nc7 8. Bxc6 dxc6 9. Ne4 b6 10. Nf6+ Kf8 11. Ne4 Bg4 12. d3 h6 13. Ned2 Qd7 14. h3 Be6 15. a4 Kg8 16. a5 Kh7 17. Ne4 Rhd8 18. Qe2 Nb5 19. Be3 Nd4 20. Bxd4 cxd4 21. b4 Qd5 22. Ned2 c5 23. b5 Qb7 24. Reb1 Bd5 25. Nc4 Rf8 26. Ra4 f6 27. exf6 Rxf6 28. axb6 axb6 29. Rxa8 Qxa8 30. Ncd2 Re6 31. Qd1 Qb8 32. Qf1 Qe8 33. Qd1 g5 34. Nc4 Qg6 35. Nfd2 h5 36. Qf1 g4 37. hxg4 hxg4 38. Re1 Bh6 39. Ne4 Bf4 40. Ng3 Bxc4 41. dxc4 Bxg3 42. fxg3 Rxe1 43. Qxe1 e6 44. Qe5 Qxc2 45. Qxe6 Qb1+ 46. Kh2 Qg6 47. Qe7+ Kh6 48. Qf8+ Kh5 49. Qh8+ Qh6 50. Qg8 d3 51. Qd5+ Kg6+ 52. Kg1 Qe3+ 53. Kh2 Qh6+ 54. Kg1 Qe3+ 55. Kh2 Qd4 56. Qg8+ Kf5 57. Qf7+ Kg5 58. Qg8+ Kh6 59. Qe6+ Kh7 60. Qf7+ Qg7 61. Qd5 Qg6 62. Kg1 Kg7 1/2-1/2

[Event "Oberliga NRW 9495 I"]
[Site "Germany"]
[Date "1995.??.??"]
[Round "6.1"]
[White "Hall, Jesper"]
[Black "Schoenthier, Frank"]
[Result "1/2-1/2"]
[WhiteElo "2435"]
[BlackElo "2360"]
[PlyCount "35"]
[EventDate "1994.10.??"]
[EventType "team"]
[EventRounds "9"]
[EventCountry "GER"]
[SourceTitle "GER"]
[Source "ChessBase"]
[SourceDate "1999.07.01"]
[SourceVersion "1"]
[SourceVersionDate "1999.07.01"]
[SourceQuality "1"]
[WhiteTeam "Wattenscheid"]
[BlackTeam "Monheim"]
[WhiteTeamCountry "GER"]
[BlackTeamCountry "GER"]

1. e4 c5 2. Nf3 d6 3. d4 cxd4 4. Nxd4 Nf6 5. Nc3 a6 6. f4 g6 7. Be2 Bg7 8. Bf3 Nbd7 9. Be3 0-0 10. 0-0 Qc7 11. Kh1 Nb6 12. Qe2 Nc4 13. e5 dxe5 14. fxe5 Nxe3 15. Qxe3 Ng4 16. Bxg4 Bxg4 17. Rae1 Rad8 18. Qf4 1/2-1/2

[Event "Oberliga NRW 9596 II"]
[Site "Germany"]
[Date "1995.??.??"]
[Round "?.1"]
[White "Notkin, Maksim"]
[Black "Schoenthier, Frank"]
[Result "1/2-1/2"]
[WhiteElo "2520"]
[BlackElo "2365"]
[PlyCount "134"]
[EventDate "1995.10.??"]
[EventType "team"]
[EventRounds "9"]
[EventCountry "GER"]
[SourceTitle "GER"]
[Source "ChessBase"]
[SourceDate "1999.07.01"]
[SourceVersion "1"]
[SourceVersionDate "1999.07.01"]
[SourceQuality "1"]
[WhiteTeam "Bochum SG II"]
[BlackTeam "Monheim"]
[WhiteTeamCountry "GER"]
[BlackTeamCountry "GER"]

1. d4 Nf6 2. c4 e6 3. Nf3 Bb4+ 4. Bd2 c5 5. Bxb4 cxb4 6. g3 b6 7. Bg2 Bb7 8. 0-0 0-0 9. a3 bxa3 10. Rxa3 a5 11. Nc3 d6 12. Qb1 Na6 13. e4 Nb4 14. e5 Ne8 15. d5 exd5 16. Nxd5 Rc8 17. exd6 Nxd6 18. Nxb4 axb4 19. Rd3 Bxf3 20. Bxf3 Qf6 21. b3 b5 22. Qd1 Rfd8 23. Bd5 Rf8 24. Qg4 bxc4 25. bxc4 Qg6 26. Qxg6 hxg6 27. Rb1 Nxc4 28. Rxb4 Nd6 29. Rb6 Rfd8 30. Rxd6 Rxd6 31. Bxf7+ Kxf7 32. Rxd6 Rc2 33. h4 Rc5 34. Kg2 g5 35. h5 g4 36. h6 gxh6 37. Rxh6 Rc4 38. Kf1 Ra4 39. Rd6 Kg7 40. Ke2 Kf7 41. Ke3 Ra3+ 42. Rd3 Ra6 43. Rd4 Rg6 44. Kf4 Rf6+ 45. Ke3 Rg6 46. Rf4+ Kg7 47. Ke4 Kh6 48. Ke5 Rg8 49. Rf6+ Kg5 50. Rf5+ Kg6 51. Kf4 Kh6 52. Rf6+ Kh5 53. Kf5 Ra8 54. Rf7 Ra5+ 55. Kf6 Ra6+ 56. Kg7 Kg5 57. Rc7 Ra5 58. Kh7 Rb5 59. Rg7+ Kh5 60. Rf7 Kg5 61. Kg7 Ra5 62. Rd7 Rf5 63. Rd2 Ra5 64. Kf7 Rf5+ 65. Ke6 Rf6+ 66. Ke5 Rf3 67. Ke4 Kg6 1/2-1/2

[Event "Oberliga NRW 9495 I"]
[Site "Germany"]
[Date "1995.??.??"]
[Round "7.1"]
[White "Schoenthier, Frank"]
[Black "Wehmeier, Stefan"]
[Result "1/2-1/2"]
[WhiteElo "2360"]
[BlackElo "2325"]
[PlyCount "121"]
[EventDate "1994.10.??"]
[EventType "team"]
[EventRounds "9"]
[EventCountry "GER"]
[SourceTitle "GER"]
[Source "ChessBase"]
[SourceDate "1999.07.01"]
[SourceVersion "1"]
[SourceVersionDate "1999.07.01"]
[SourceQuality "1"]
[WhiteTeam "Monheim"]
[BlackTeam "Lippstadt Turm"]
[WhiteTeamCountry "GER"]
[BlackTeamCountry "GER"]

1. e4 e5 2. Nf3 Nc6 3. Bb5 Nf6 4. 0-0 Bc5 5. Nc3 Nd4 6. Nxe5 0-0 7. Be2 Re8 8. Nf3 Nxe4 9. Nxd4 Bxd4 10. Nxe4 Rxe4 11. c3 Bf6 12. d4 d5 13. Bd3 Re8 14. Qc2 g6 15. Bh6 Bg7 16. Bxg7 Kxg7 17. f4 Qf6 18. f5 g5 19. Qf2 Bd7 20. Qg3 Rac8 21. Rae1 Rxe1 22. Rxe1 c5 23. dxc5 Rxc5 24. Re5 h6 25. h4 Bb5 26. Bc2 a5 27. hxg5 hxg5 28. Bb1 a4 29. a3 Bc6 30. Bd3 Ra5 31. Qe3 Ra8 32. Be2 Rh8 33. Bf3 d4 34. cxd4 Bxf3 35. Qxf3 Rc8 36. Qe3 Kh6 37. Kh2 Rc2 38. Qh3+ Kg7 39. Re8 Qd6+ 40. Qg3 Qxg3+ 41. Kxg3 Rxb2 42. d5 Rb3+ 43. Kg4 Rxa3 44. Rb8 Kf6 45. Rxb7 Rb3 46. Ra7 Rb4+ 47. Kg3 Rd4 48. d6 Rxd6 49. Rxa4 Kxf5 50. Ra5+ Kg6 51. Ra8 Rd3+ 52. Kh2 f5 53. Rg8+ Kh5 54. Rh8+ Kg4 55. Rc8 f4 56. Rb8 Rd6 57. Ra8 Rh6+ 58. Kg1 Kh4 59. Ra3 g4 60. g3+ fxg3 61. Ra8 1/2-1/2